عرض عادي
عرض مارك
- Prototypes, Engineering.
مدخل مصطلح موضوعي
001 - رقم الضبط
- حقل الضبط: 38697
003 - معرف رقم الضبط
- حقل الضبط: OSt
005 - تاريخ ووقت أخر عملية
- حقل الضبط: 20131030193008.0
008 - عناصر بيانات ثابتة الطول
- حقل تحكم ثابت الطول: 131030|||a|||||| | ||| d
040 ## - مصدر الفهرسة
- هيئة الفهرسة الأصلية: OSt
- وكالة الكتابة: OSt
150 ## - مدخل-- مصطلح تاريخي
- عنصر مدخل المصطلح الموضوعي او الاسم الجغرافي: Prototypes, Engineering.
670 ## - بيانات المصدر موجوده
- الاستشهاد بالمصدر: Work cat.: (OSt)0: Chu, Pong P., 1959- 38695, FPGA prototyping by VHDL examples :, c2008.
